000 00495nam a2200169Ia 4500
008 230718s9999 xx 000 0 und d
020 _a9788192339733
041 _aeng
082 _a341.23'013
_bMAR
100 _aMarya G.
_9193439
245 _aIt Takes Two To Tango
_bAchieving Customer - Connect In Shape - Shifting India
260 _c2013
_bEnterpreneur India Books
300 _a175
365 _cRs.
_b495.00
700 _aMarya G.
_9193439
906 _dB:360919-Jul-2013
_cGENRL
_b108.9
999 _c333422
_d333422